[Event "St Petersburg-ch Seniors Blitz"]
[Site "St Petersburg"]
[Date "2022.10.05"]
[Round "4"]
[White "Loginov, Valery A"]
[Black "Manin, Viktor L"]
[Result "1-0"]
[WhiteElo "2378"]
[BlackElo "2022"]
[PlyCount "97"]
[EventDate "2022.10.05"]
[EventType "swiss"]
[EventRounds "11"]
[EventCountry "RUS"]
[SourceTitle "CBM 210 Extra"]
[Source "ChessBase"]
[SourceDate "2022.11.30"]
[SourceVersion "1"]
[SourceVersionDate "2022.11.30"]
[SourceQuality "1"]

1. Nf3 d5 2. g3 c6 3. Bg2 Nf6 4. 0-0 Bf5 5. c4 e6 6. d3 Nbd7 7. cxd5 exd5 8. Nc3 Be7 9. e4 Bg4 10. h3 Bh5 11. g4 Bg6 12. e5 Ng8 13. Bf4 Nc5 14. d4 Nd3 15. Bg3 Nxb2 16. Qb3 Nc4 17. Qxb7 Qc8 18. Qxc8+ Rxc8 19. Rfd1 h5 20. Nd2 Nxd2 21. Rxd2 hxg4 22. hxg4 Bb4 23. Rc1 Ne7 24. f4 f5 25. exf6 gxf6 26. f5 Bf7 27. Re2 Kd7 28. Kf2 Rcg8 29. Bf3 Rh3 30. Rb2 a5 31. a3 Bd6 32. Rb7+ Kc8 33. Bxd6 Kxb7 34. Rb1+ Kc8 35. Bxe7 Rh2+ 36. Kg3 Rc2 37. Ne2 Re8 38. Bxf6 Rexe2 39. Bxe2 Rxe2 40. g5 Re3+ 41. Kf2 Re4 42. Be5 Bh5 43. g6 Rg4 44. Rb8+ Kd7 45. Rb7+ Kc8 46. g7 Be8 47. Rb8+ Kd7 48. f6 Bf7 49. Rb7+ 1-0

[Event "St Petersburg-ch Seniors Blitz"]
[Site "St Petersburg"]
[Date "2022.10.05"]
[Round "2"]
[White "Loginov, Valery A"]
[Black "Shalygin, Andreij"]
[Result "1/2-1/2"]
[WhiteElo "2378"]
[BlackElo "2136"]
[PlyCount "128"]
[EventDate "2022.10.05"]
[EventType "swiss"]
[EventRounds "11"]
[EventCountry "RUS"]
[SourceTitle "CBM 210 Extra"]
[Source "ChessBase"]
[SourceDate "2022.11.30"]
[SourceVersion "1"]
[SourceVersionDate "2022.11.30"]
[SourceQuality "1"]

1. Nf3 d5 2. g3 Nf6 3. Bg2 e6 4. 0-0 b5 5. d3 Be7 6. Nbd2 0-0 7. e4 b4 8. e5 Nfd7 9. Re1 c5 10. Nf1 Bb7 11. h4 h6 12. N1h2 Qb6 13. Ng4 Rc8 14. Bxh6 gxh6 15. Nxh6+ Kg7 16. Qd2 Rh8 17. Ng4 Nc6 18. c3 Rag8 19. Qf4 Kf8 20. Ng5 Nd8 21. Re2 Ke8 22. a3 a5 23. axb4 cxb4 24. cxb4 Qxb4 25. d4 Ba6 26. Rc2 Rg6 27. Rc7 Rhg8 28. Rac1 Bxg5 29. hxg5 Bc4 30. Ne3 Rxg5 31. Nxc4 dxc4 32. R7xc4 Qxb2 33. d5 Rf5 34. Qe3 Rxe5 35. Qa7 Qd2 36. R4c2 Re1+ 37. Rxe1 Qxe1+ 38. Bf1 Rg6 39. Rc7 Ne5 40. Re7+ Kf8 41. Qc7 Rf6 42. Qxd8+ Kg7 43. Qb6 exd5 44. Qe3 Qxe3 45. fxe3 Nc6 46. Rc7 d4 47. exd4 Nxd4 48. Ra7 Rf5 49. Bd3 Rc5 50. Kg2 Kf6 51. Kh3 Ne6 52. Kg2 Rc3 53. Be2 Rc2 54. Kf1 Ra2 55. Bh5 Ng5 56. Bd1 Ne4 57. Rxf7+ Kxf7 58. Bb3+ Kf6 59. Bxa2 Nxg3+ 60. Ke1 Ke5 61. Kd2 Kd4 62. Kc2 Ne4 63. Kb2 Kc5 64. Bg8 Ng5 1/2-1/2

[Event "St Petersburg-ch Seniors Blitz"]
[Site "St Petersburg"]
[Date "2022.10.05"]
[Round "7"]
[White "Smagin, Sergey"]
[Black "Loginov, Valery A"]
[Result "0-1"]
[WhiteElo "2451"]
[BlackElo "2378"]
[PlyCount "68"]
[EventDate "2022.10.05"]
[EventType "swiss"]
[EventRounds "11"]
[EventCountry "RUS"]
[SourceTitle "CBM 210 Extra"]
[Source "ChessBase"]
[SourceDate "2022.11.30"]
[SourceVersion "1"]
[SourceVersionDate "2022.11.30"]
[SourceQuality "1"]

1. e4 c5 2. Nf3 d6 3. d4 cxd4 4. Nxd4 Nf6 5. Nc3 a6 6. Rg1 e5 7. Nb3 Be7 8. g4 Be6 9. g5 Nfd7 10. Be3 Nc6 11. h4 Rc8 12. Qd2 Nb6 13. Nd5 Bxd5 14. exd5 Nb8 15. Na5 Qc7 16. c4 0-0 17. b4 N6d7 18. Nb3 f5 19. f4 Rfe8 20. Kf2 Bf8 21. h5 exf4 22. Bxf4 Ne5 23. Rc1 Nbd7 24. Kg3 Ng4 25. c5 Nde5 26. Be2 Qf7 27. Rh1 a5 28. a3 axb4 29. axb4 Ra8 30. c6 bxc6 31. Na5 cxd5 32. b5 Kh8 33. b6 Rab8 34. Rc7 Re7 0-1

[Event "St Petersburg-ch Seniors Rapid"]
[Site "St Petersburg"]
[Date "2022.10.04"]
[Round "7"]
[White "Loginov, Valery A"]
[Black "Shalygin, Andreij"]
[Result "1-0"]
[WhiteElo "2448"]
[BlackElo "2136"]
[PlyCount "39"]
[EventDate "2022.10.03"]
[EventType "swiss (rapid)"]
[EventRounds "10"]
[EventCountry "RUS"]
[SourceTitle "EXT 2024"]
[Source "ChessBase"]
[SourceDate "2023.10.10"]
[SourceVersion "1"]
[SourceVersionDate "2023.10.10"]
[SourceQuality "1"]

1. Nf3 d5 2. g3 Nf6 3. Bg2 b5 4. 0-0 e6 5. d4 c5 6. a4 b4 7. c4 bxc3 8. Nxc3 Nc6 9. Be3 Nd7 10. Rc1 Rb8 11. dxc5 Ba6 12. Nd4 Nxd4 13. Bxd4 Bc4 14. c6 Nc5 15. Nb5 Rb6 16. c7 Qd7 17. b4 Rxb5 18. axb5 Nb3 19. Rxc4 dxc4 20. Bc6 1-0

[Event "St Petersburg-ch Seniors Rapid"]
[Site "St Petersburg"]
[Date "2022.10.04"]
[Round "8"]
[White "Pozin, Sergey"]
[Black "Loginov, Valery A"]
[Result "0-1"]
[WhiteElo "2124"]
[BlackElo "2448"]
[PlyCount "80"]
[EventDate "2022.10.03"]
[EventType "swiss (rapid)"]
[EventRounds "10"]
[EventCountry "RUS"]
[SourceTitle "EXT 2024"]
[Source "ChessBase"]
[SourceDate "2023.10.10"]
[SourceVersion "1"]
[SourceVersionDate "2023.10.10"]
[SourceQuality "1"]

1. d4 Nf6 2. Nf3 e6 3. Bf4 d5 4. Nbd2 c5 5. e3 Nc6 6. c3 Bd6 7. Bg3 0-0 8. Bd3 Re8 9. Ne5 Bxe5 10. dxe5 Nd7 11. f4 c4 12. Bc2 Qb6 13. 0-0 Qxb2 14. Nf3 f5 15. exf6 Nxf6 16. Qd2 Qb6 17. Ne5 Ne7 18. Rab1 Qc5 19. Bf2 Qc7 20. Bh4 Rf8 21. g4 Nc6 22. Bg3 Bd7 23. Nxd7 Qxd7 24. h3 Rad8 25. Rbd1 Qe8 26. Qg2 b5 27. Bh4 b4 28. g5 Nd7 29. f5 Nc5 30. g6 b3 31. axb3 cxb3 32. Bb1 Rc8 33. f6 gxf6 34. Rxf6 h6 35. g7 Rxf6 36. Bxf6 Ne4 37. Rf1 Ne7 38. Bxe4 dxe4 39. Qxe4 Qg6+ 40. Qxg6 Nxg6 0-1

[Event "St Petersburg-ch Seniors"]
[Site "St Petersburg"]
[Date "2022.10.02"]
[Round "9"]
[White "Lisenko, Alexander V"]
[Black "Loginov, Valery A"]
[Result "1/2-1/2"]
[WhiteElo "2307"]
[BlackElo "2478"]
[PlyCount "62"]
[EventDate "2022.09.24"]
[EventType "swiss"]
[EventRounds "9"]
[EventCountry "RUS"]
[SourceTitle "CBM 210 Extra"]
[Source "ChessBase"]
[SourceDate "2022.11.30"]
[SourceVersion "1"]
[SourceVersionDate "2022.11.30"]
[SourceQuality "1"]

1. Nf3 Nf6 2. c4 b6 3. g3 Bb7 4. Bg2 g6 5. b3 Bg7 6. Bb2 0-0 7. 0-0 e6 8. d4 d5 9. Nbd2 Nbd7 10. Qc2 Rc8 11. c5 c6 12. b4 a5 13. a3 Ba6 14. Rfe1 Qc7 15. e3 Ra8 16. Bc3 axb4 17. axb4 Bb5 18. Ra2 bxc5 19. bxc5 Bd3 20. Qb2 Ne4 21. Nxe4 Bxe4 22. Rea1 Rxa2 23. Qxa2 Rb8 24. Qa3 h6 25. Nd2 Bxg2 26. Kxg2 Kh7 27. Qa5 Qc8 28. Rb1 Ra8 29. Qb4 Rb8 30. Qa5 Ra8 31. Qb4 Rb8 1/2-1/2

[Event "St Petersburg-ch Seniors"]
[Site "St Petersburg"]
[Date "2022.09.28"]
[Round "5"]
[White "Loginov, Valery A"]
[Black "Dragomarezkij, Evgeni"]
[Result "1-0"]
[WhiteElo "2478"]
[BlackElo "2297"]
[PlyCount "79"]
[EventDate "2022.09.24"]
[EventType "swiss"]
[EventRounds "9"]
[EventCountry "RUS"]
[SourceTitle "CBM 210 Extra"]
[Source "ChessBase"]
[SourceDate "2022.11.30"]
[SourceVersion "1"]
[SourceVersionDate "2022.11.30"]
[SourceQuality "1"]

1. e4 e5 2. Nf3 Nf6 3. d4 Nxe4 4. Bd3 Nc6 5. 0-0 d5 6. dxe5 Be7 7. Nc3 Nxc3 8. bxc3 Bg4 9. Re1 Qd7 10. h3 Be6 11. Rb1 Rb8 12. Bg5 0-0 13. Qd2 Rfe8 14. Qf4 Bxg5 15. Nxg5 h6 16. Nh7 Kh8 17. Nf6 Qe7 18. Nxe8 Qxe8 19. c4 Ne7 20. cxd5 Bxd5 21. e6 Bxe6 22. Qxc7 Nd5 23. Qe5 Qc8 24. Bc4 Nc7 25. Bb3 b6 26. Re3 Rb7 27. Rg3 Qf8 28. Rd1 f6 29. Qd6 Qxd6 30. Rxd6 Bxb3 31. cxb3 Na6 32. a3 Nc5 33. Re3 a5 34. g4 Kg8 35. b4 axb4 36. axb4 Na4 37. Red3 Rc7 38. Rd8+ Kh7 39. R3d7 Rc1+ 40. Kg2 1-0

[Event "St Petersburg-ch Seniors"]
[Site "St Petersburg"]
[Date "2022.09.27"]
[Round "4"]
[White "Kasantsev, Anatolij B"]
[Black "Loginov, Valery A"]
[Result "0-1"]
[WhiteElo "1908"]
[BlackElo "2478"]
[PlyCount "74"]
[EventDate "2022.09.24"]
[EventType "swiss"]
[EventRounds "9"]
[EventCountry "RUS"]
[SourceTitle "CBM 210 Extra"]
[Source "ChessBase"]
[SourceDate "2022.11.30"]
[SourceVersion "1"]
[SourceVersionDate "2022.11.30"]
[SourceQuality "1"]

1. d4 Nf6 2. c4 e6 3. Nc3 Bb4 4. Qc2 d5 5. cxd5 exd5 6. Bg5 h6 7. Bh4 0-0 8. e3 c5 9. Bd3 c4 10. Bf5 Bxf5 11. Qxf5 Qd7 12. Qf3 Ne4 13. Rc1 Nc6 14. Qh3 f5 15. f3 Nxc3 16. bxc3 Ba3 17. Rb1 Rae8 18. Bf2 Qf7 19. f4 b5 20. Ne2 b4 21. 0-0 a5 22. Be1 Rb8 23. Bd2 b3 24. axb3 cxb3 25. g4 a4 26. gxf5 Qxf5 27. Qf3 Ne7 28. Ng3 Qd3 29. Rfd1 Bd6 30. Be1 Qg6 31. Kh1 a3 32. f5 Rxf5 33. Nxf5 Qxf5 34. Qxf5 Nxf5 35. e4 dxe4 36. c4 Ne3 37. Rdc1 b2 0-1

[Event "EU-ch blitz"]
[Site "Tallinn"]
[Date "2019.12.07"]
[Round "17"]
[White "Belenkaya, Dina"]
[Black "Loginov, Valery A"]
[Result "1/2-1/2"]
[WhiteElo "2203"]
[BlackElo "2376"]
[PlyCount "103"]
[EventDate "2019.12.07"]
[EventType "swiss (blitz)"]
[EventRounds "22"]
[EventCountry "EST"]
[SourceTitle "CBM 193 Extra"]
[Source "ChessBase"]
[SourceDate "2020.01.31"]
[SourceVersion "1"]
[SourceVersionDate "2020.01.31"]
[SourceQuality "1"]

1. e4 c5 2. Nc3 Nc6 3. Nge2 d6 4. g3 g6 5. Bg2 Bg7 6. d3 e6 7. Be3 Nge7 8. Qd2 0-0 9. Bh6 Nd4 10. Bxg7 Kxg7 11. 0-0 e5 12. f4 f6 13. Nc1 Be6 14. Nd1 Qd7 15. Ne3 Rac8 16. c3 Ndc6 17. Ne2 d5 18. fxe5 fxe5 19. exd5 Nxd5 20. Nc4 Bf5 21. Rad1 Rcd8 22. a4 Bh3 23. Qg5 Bxg2 24. Kxg2 h6 25. Qh4 Qe6 26. Qe4 Rxf1 27. Rxf1 Nf6 28. Qe3 Qd5+ 29. Qf3 Qxf3+ 30. Rxf3 e4 31. dxe4 Nxe4 32. Nf4 Re8 33. Re3 Nf6 34. Ne6+ Kg8 35. Kf3 b6 36. Nd6 Re7 37. Nf4 Rxe3+ 38. Kxe3 Ng4+ 39. Ke4 Kg7 40. h3 Nf6+ 41. Ke3 g5 42. Ne6+ Kg6 43. g4 h5 44. gxh5+ Kxh5 45. Nf5 Nd5+ 46. Ke4 Nf6+ 47. Ke3 Kg6 48. Nd6 Nd5+ 49. Ke4 Nf6+ 50. Ke3 Nd7 51. Ke4 Nf6+ 52. Ke3 1/2-1/2

[Event "EU-ch blitz"]
[Site "Tallinn"]
[Date "2019.12.07"]
[Round "11"]
[White "Chernyak, Viktoria"]
[Black "Loginov, Valery A"]
[Result "0-1"]
[WhiteElo "2213"]
[BlackElo "2376"]
[PlyCount "78"]
[EventDate "2019.12.07"]
[EventType "swiss (blitz)"]
[EventRounds "22"]
[EventCountry "EST"]
[SourceTitle "CBM 193 Extra"]
[Source "ChessBase"]
[SourceDate "2020.01.31"]
[SourceVersion "1"]
[SourceVersionDate "2020.01.31"]
[SourceQuality "1"]

1. c4 g6 2. g3 Bg7 3. Bg2 c5 4. Nf3 Nc6 5. 0-0 d6 6. d3 e5 7. Nc3 Nge7 8. Bg5 h6 9. Bd2 Be6 10. Qc1 Rb8 11. a3 a6 12. Ne1 Nd4 13. Qd1 b5 14. e3 Ndc6 15. b3 0-0 16. Qc2 f5 17. Rd1 g5 18. f4 exf4 19. gxf4 g4 20. Nd5 Ng6 21. Bc3 Qd7 22. Bxg7 Qxg7 23. Qf2 Nce7 24. Nc7 Bc8 25. d4 bxc4 26. bxc4 Kh7 27. Nd3 Rb3 28. dxc5 Qf6 29. cxd6 Qxd6 30. Nd5 Nxd5 31. Bxd5 Rxa3 32. Qb2 Ra5 33. Qd4 Qf6 34. Qa7+ Kh8 35. Rb1 Qc3 36. Rfd1 Ra2 37. Qd4+ Qxd4 38. exd4 Ne7 39. c5 Nxd5 0-1

[Event "EU-ch blitz"]
[Site "Tallinn"]
[Date "2019.12.07"]
[Round "5"]
[White "Decosse, Jean Fabien"]
[Black "Loginov, Valery A"]
[Result "1/2-1/2"]
[WhiteElo "2185"]
[BlackElo "2376"]
[PlyCount "72"]
[EventDate "2019.12.07"]
[EventType "swiss (blitz)"]
[EventRounds "22"]
[EventCountry "EST"]
[SourceTitle "CBM 193 Extra"]
[Source "ChessBase"]
[SourceDate "2020.01.31"]
[SourceVersion "1"]
[SourceVersionDate "2020.01.31"]
[SourceQuality "1"]

1. d4 Nf6 2. c4 e6 3. Nc3 Bb4 4. e3 0-0 5. Nge2 d5 6. a3 Bd6 7. c5 Be7 8. Bd2 b6 9. b4 a5 10. Ng3 c6 11. Be2 Ba6 12. 0-0 Qc7 13. cxb6 Qxb6 14. Na4 Qc7 15. bxa5 Nbd7 16. Bb4 c5 17. dxc5 Nxc5 18. Nxc5 Bxc5 19. Rc1 Nd7 20. Bxa6 Rxa6 21. Qd3 Rc6 22. Ne2 Ne5 23. Qb1 Rc8 24. Rxc5 Rxc5 25. Bxc5 Qxc5 26. Rc1 Nc4 27. Qb4 h6 28. h3 Qa7 29. Nd4 Rb8 30. Nc6 Rxb4 31. Nxa7 Ra4 32. Nc6 Rxa3 33. e4 Nxa5 34. exd5 exd5 35. Ne7+ Kh7 36. Nxd5 Nb3 1/2-1/2

[Event "EU-ch blitz"]
[Site "Tallinn"]
[Date "2019.12.07"]
[Round "13"]
[White "Lazavik, Denis"]
[Black "Loginov, Valery A"]
[Result "1-0"]
[WhiteElo "2222"]
[BlackElo "2376"]
[PlyCount "51"]
[EventDate "2019.12.07"]
[EventType "swiss (blitz)"]
[EventRounds "22"]
[EventCountry "EST"]
[SourceTitle "CBM 193 Extra"]
[Source "ChessBase"]
[SourceDate "2020.01.31"]
[SourceVersion "1"]
[SourceVersionDate "2020.01.31"]
[SourceQuality "1"]

1. d4 Nf6 2. c4 e6 3. Nf3 Bb4+ 4. Bd2 Qe7 5. g3 Bxd2+ 6. Qxd2 Nc6 7. Nc3 d5 8. cxd5 exd5 9. Bg2 0-0 10. 0-0 Re8 11. e3 Bg4 12. Rfc1 Rad8 13. Ne1 Ne4 14. Qc2 Bf5 15. Nxe4 Bxe4 16. Qb3 Na5 17. Qc3 Nc6 18. a3 a6 19. b4 Bxg2 20. Nxg2 Rd7 21. Nf4 Na7 22. a4 c6 23. Nd3 Nc8 24. b5 cxb5 25. axb5 axb5 26. Qxc8 1-0

[Event "EU-ch rapid"]
[Site "Tallinn"]
[Date "2019.12.05"]
[Round "6"]
[White "Loginov, Valery A"]
[Black "Luukkonen, Tommi"]
[Result "1-0"]
[WhiteElo "2461"]
[BlackElo "2332"]
[PlyCount "87"]
[EventDate "2019.12.05"]
[EventType "swiss"]
[EventRounds "13"]
[EventCountry "EST"]
[SourceTitle "CBM 193 Extra"]
[Source "ChessBase"]
[SourceDate "2020.01.31"]
[SourceVersion "1"]
[SourceVersionDate "2020.01.31"]
[SourceQuality "1"]

1. Nf3 c5 2. g3 g6 3. Bg2 Bg7 4. c4 Nc6 5. Nc3 d6 6. a3 e5 7. 0-0 Nge7 8. b4 e4 9. Ng5 f5 10. Bb2 0-0 11. d3 h6 12. Nh3 Ne5 13. Nf4 Kh7 14. Qb3 N7c6 15. Ncd5 exd3 16. exd3 Nd4 17. Bxd4 cxd4 18. Rac1 g5 19. Ne2 f4 20. Be4+ Bf5 21. Bxf5+ Rxf5 22. Nxd4 Qd7 23. Nxf5 Qxf5 24. d4 Nc6 25. Rcd1 Qh3 26. Qd3+ Kh8 27. gxf4 Qh5 28. f3 Nxd4 29. f5 Be5 30. Rd2 Rf8 31. Ne7 Rf7 32. Ng6+ Kg7 33. Nxe5 dxe5 34. Qe4 Kf6 35. Rxd4 exd4 36. Re1 Kg7 37. Qxd4+ Kh7 38. Re8 Rg7 39. Qe4 Qh4 40. f6+ Qxe4 41. fxe4 Rf7 42. Re7 Kg6 43. Rxf7 Kxf7 44. e5 1-0

[Event "EU-ch blitz"]
[Site "Skopje"]
[Date "2018.12.07"]
[Round "11"]
[White "Zajic, Milan"]
[Black "Loginov, Valery A"]
[Result "1-0"]
[WhiteElo "2488"]
[BlackElo "2478"]
[PlyCount "125"]
[EventDate "2018.12.06"]
[EventType "swiss (blitz)"]
[EventRounds "22"]
[EventCountry "MKD"]
[SourceTitle "CBM 187 Extra"]
[Source "ChessBase"]
[SourceDate "2018.11.04"]
[SourceVersion "1"]
[SourceVersionDate "2018.11.04"]
[SourceQuality "1"]

1. e4 c5 2. Nf3 Nc6 3. d4 cxd4 4. Nxd4 e5 5. Nb5 d6 6. c4 Be7 7. N1c3 a6 8. Na3 Nf6 9. Nc2 0-0 10. Bd3 Nd7 11. 0-0 Nc5 12. Nd5 Be6 13. Nxe7+ Qxe7 14. b3 Rfb8 15. Ne3 b5 16. Nd5 Bxd5 17. cxd5 Nd4 18. Bb2 Rc8 19. f4 Nxd3 20. Qxd3 Nc2 21. Rac1 Nb4 22. Qg3 f6 23. fxe5 fxe5 24. a3 Nc2 25. Qh3 Rc7 26. Qd3 Rac8 27. Qd2 Nd4 28. Rxc7 Qxc7 29. Bxd4 exd4 30. Qxd4 Qc5 31. Qxc5 Rxc5 32. Rf3 Rc2 33. Re3 Kf7 34. e5 dxe5 35. Rxe5 Rc3 36. Re6 Rxb3 37. Rxa6 Rd3 38. d6 Ke6 39. d7+ Kxd7 40. Ra7+ Ke6 41. Rxg7 Rxa3 42. Rxh7 Ra2 43. Rb7 Rb2 44. h4 Kf5 45. Rg7 Kf6 46. Rg5 b4 47. Rb5 b3 48. Kh2 Kg6 49. Kh3 Rb1 50. g3 Kh6 51. Kg4 Kg7 52. Rb6 Kh7 53. Kh5 Kg7 54. g4 Kf7 55. Kg5 Kg7 56. h5 Kf7 57. Rb7+ Kf8 58. h6 b2 59. Rb8+ Kf7 60. h7 Rh1 61. Rxb2 Kg7 62. h8Q+ Kxh8 63. Kg6 1-0

[Event "Innsbruck op-A 2nd"]
[Site "Innsbruck"]
[Date "2018.08.30"]
[Round "7"]
[White "Loginov, Valery A"]
[Black "Ruff, Maximilian"]
[Result "1/2-1/2"]
[WhiteElo "2487"]
[BlackElo "2281"]
[PlyCount "68"]
[EventDate "2018.08.24"]
[EventType "swiss"]
[EventRounds "9"]
[EventCountry "AUT"]
[SourceTitle "CBM 186 Extra"]
[Source "ChessBase"]
[SourceDate "2018.08.24"]
[SourceVersion "1"]
[SourceVersionDate "2018.08.24"]
[SourceQuality "1"]

1. e4 c5 2. Nf3 e6 3. d4 cxd4 4. Nxd4 a6 5. Nc3 Qc7 6. Be2 Nf6 7. 0-0 Bb4 8. Bg5 Bxc3 9. Bxf6 gxf6 10. bxc3 Qxc3 11. Rb1 Nc6 12. Nxc6 bxc6 13. Rb3 Qc5 14. Qd2 h5 15. h4 a5 16. a4 Ke7 17. Rfb1 Ba6 18. Bxa6 Rxa6 19. Rb7 Rd8 20. Rd1 Ra7 21. Qxd7+ Rxd7 22. Rdxd7+ Ke8 23. Rxa7 Qxc2 24. g3 Qb1+ 25. Kh2 Qe1 26. Re7+ Kd8 27. Rad7+ Kc8 28. Kg2 Qxe4+ 29. Kf1 Qh1+ 30. Ke2 Qe4+ 31. Kd2 Qb4+ 32. Kd3 Qb1+ 33. Kd2 Qb4+ 34. Ke2 Qe4+ 1/2-1/2

[Event "Dieren op"]
[Site "Dieren"]
[Date "2018.08.01"]
[Round "8"]
[White "Loginov, Valery A"]
[Black "Zwirs, Nico"]
[Result "0-1"]
[WhiteElo "2493"]
[BlackElo "2386"]
[PlyCount "120"]
[EventDate "2018.07.24"]
[EventType "tourn"]
[EventRounds "9"]
[EventCountry "NED"]
[SourceTitle "CBM 185 Extra"]
[Source "ChessBase"]
[SourceDate "2018.07.29"]
[SourceVersion "1"]
[SourceVersionDate "2018.07.29"]
[SourceQuality "1"]

1. e4 c5 2. Nf3 d6 3. d4 cxd4 4. Nxd4 Nf6 5. Nc3 a6 6. Be2 e5 7. Nb3 Be7 8. Be3 Be6 9. Nd5 Nbd7 10. Qd3 Bxd5 11. exd5 0-0 12. 0-0 Nc5 13. Qd2 Nfe4 14. Qb4 a5 15. Qb5 Qc7 16. Rad1 a4 17. Nxc5 Nxc5 18. f3 f5 19. Rd2 Rfc8 20. b4 axb3 21. cxb3 Ra5 22. Qb4 Na6 23. Qb6 Bg5 24. f4 Bxf4 25. Rxf4 exf4 26. Qxc7 Nxc7 27. Bxf4 Ne8 28. g4 Rac5 29. Rd1 Rc2 30. Bd3 Rxa2 31. Bxf5 Rca8 32. Be6+ Kf8 33. Rf1 Ke7 34. Bc1 Nf6 35. g5 Nh5 36. Rf7+ Ke8 37. Rc7 Kd8 38. Rd7+ Ke8 39. Rc7 g6 40. Rxh7 Ra1 41. Rh8+ Ke7 42. Rh7+ Kd8 43. Rh8+ Kc7 44. Rxa8 Rxa8 45. Be3 Rf8 46. Bd4 Nf4 47. Bf6 Ra8 48. h4 Ra3 49. b4 Ra4 50. Bf7 Rxb4 51. Kf2 Kd7 52. Kf3 Nh5 53. Bxg6 Nxf6 54. gxf6 Rxh4 55. Bf5+ Ke8 56. Be6 Rh6 57. f7+ Ke7 58. Ke3 Rh1 59. Kd2 Rf1 60. Kc3 Rxf7 0-1

[Event "Dieren op"]
[Site "Dieren"]
[Date "2018.07.31"]
[Round "7"]
[White "Van den Doel, Erik"]
[Black "Loginov, Valery A"]
[Result "1-0"]
[WhiteElo "2593"]
[BlackElo "2493"]
[PlyCount "61"]
[EventDate "2018.07.24"]
[EventType "tourn"]
[EventRounds "9"]
[EventCountry "NED"]
[SourceTitle "CBM 185 Extra"]
[Source "ChessBase"]
[SourceDate "2018.07.29"]
[SourceVersion "1"]
[SourceVersionDate "2018.07.29"]
[SourceQuality "1"]

1. e4 c5 2. Nf3 d6 3. d4 cxd4 4. Nxd4 Nf6 5. Nc3 Nc6 6. Bg5 Bd7 7. f3 e6 8. Qd2 a6 9. 0-0-0 h6 10. Be3 b5 11. Nxc6 Bxc6 12. Kb1 Qc7 13. h4 Rc8 14. Bd3 h5 15. Rhe1 b4 16. Nd5 Bxd5 17. exd5 Nxd5 18. Bxa6 Nxe3 19. Rxe3 Rb8 20. c4 bxc3 21. Rxc3 Qa7 22. Ra3 Qd7 23. Qc3 f6 24. Rc1 Kf7 25. Bc8 Qb5 26. Ra7+ Kg6 27. Bxe6 Qe5 28. Bf7+ Kh6 29. Ra5 Rb5 30. Rxb5 Qxb5 31. Qc2 1-0

[Event "Dieren op"]
[Site "Dieren"]
[Date "2018.07.30"]
[Round "6"]
[White "Loginov, Valery A"]
[Black "Lobanov, Sergei"]
[Result "1/2-1/2"]
[WhiteElo "2493"]
[BlackElo "2521"]
[PlyCount "41"]
[EventDate "2018.07.24"]
[EventType "tourn"]
[EventRounds "9"]
[EventCountry "NED"]
[SourceTitle "CBM 185 Extra"]
[Source "ChessBase"]
[SourceDate "2018.07.29"]
[SourceVersion "1"]
[SourceVersionDate "2018.07.29"]
[SourceQuality "1"]

1. e4 e5 2. Nf3 Nc6 3. Bb5 Bc5 4. 0-0 Nd4 5. Nxd4 Bxd4 6. c3 Bb6 7. d4 c6 8. Bc4 d6 9. dxe5 dxe5 10. Qxd8+ Bxd8 11. Be3 Nf6 12. f3 Bb6 13. Kf2 Ke7 14. Nd2 Rd8 15. Rfd1 Ne8 16. Bb3 Nd6 17. Nc4 Nxc4 18. Bxc4 Be6 19. Bxe6 Kxe6 20. Ke2 Bxe3 21. Kxe3 1/2-1/2

[Event "Dieren op"]
[Site "Dieren"]
[Date "2018.07.26"]
[Round "3"]
[White "Maris, Ivo"]
[Black "Loginov, Valery A"]
[Result "0-1"]
[WhiteElo "2342"]
[BlackElo "2493"]
[PlyCount "72"]
[EventDate "2018.07.24"]
[EventType "tourn"]
[EventRounds "9"]
[EventCountry "NED"]
[SourceTitle "CBM 185 Extra"]
[Source "ChessBase"]
[SourceDate "2018.07.29"]
[SourceVersion "1"]
[SourceVersionDate "2018.07.29"]
[SourceQuality "1"]

1. d4 Nf6 2. c4 e6 3. Nc3 Bb4 4. Qc2 0-0 5. e4 d5 6. e5 Ne4 7. Bd3 c5 8. Nf3 cxd4 9. Nxd4 Nd7 10. Bf4 Ndc5 11. 0-0 Bxc3 12. bxc3 Bd7 13. Nb3 Nxd3 14. Qxd3 Rc8 15. f3 Nc5 16. Nxc5 Rxc5 17. cxd5 Bb5 18. Qe3 Rxd5 19. Rfc1 a6 20. Bg5 Qd7 21. Qf4 Rc8 22. c4 Rd4 23. Qg3 Rcxc4 24. h4 Kf8 25. h5 h6 26. Bf6 gxf6 27. exf6 Qd6 28. Qg7+ Ke8 29. Qg8+ Qf8 30. Qg3 Rd8 31. Kh1 Rc5 32. a4 Rxh5+ 33. Kg1 Bc6 34. Ra2 Rg5 35. Qh2 Rg6 36. Re2 Qd6 0-1

[Event "Leiden op-A 12th"]
[Site "Leiden"]
[Date "2018.07.19"]
[Round "6"]
[White "Zhukova, Natalia"]
[Black "Loginov, Valery A"]
[Result "0-1"]
[WhiteElo "2380"]
[BlackElo "2493"]
[PlyCount "118"]
[EventDate "2018.07.13"]
[EventType "swiss"]
[EventRounds "9"]
[EventCountry "NED"]
[SourceTitle "CBM 185 Extra"]
[Source "ChessBase"]
[SourceDate "2018.07.29"]
[SourceVersion "1"]
[SourceVersionDate "2018.07.29"]
[SourceQuality "1"]

1. d4 Nf6 2. c4 e6 3. Nf3 Bb4+ 4. Nbd2 b6 5. a3 Bxd2+ 6. Qxd2 Bb7 7. e3 0-0 8. Be2 a5 9. b3 d6 10. Bb2 Nbd7 11. 0-0 Qe7 12. Rad1 e5 13. d5 b5 14. Qc2 bxc4 15. bxc4 c6 16. e4 Rfc8 17. dxc6 Bxc6 18. Qd2 Nxe4 19. Qe3 Ndc5 20. Nd2 Rab8 21. Ba1 a4 22. Nxe4 Bxe4 23. Qd2 Rd8 24. Bc3 Nb3 25. Qe3 Qb7 26. f3 Bc6 27. Bd3 Nc5 28. Ba5 Re8 29. Bc2 Nb3 30. Bxb3 Qxb3 31. Rd3 Qxc4 32. Rc1 Qb5 33. Bc7 Rbc8 34. Bxd6 e4 35. fxe4 Bb7 36. Rxc8 Bxc8 37. Rd1 h6 38. Bb4 Bb7 39. Rd4 f5 40. Bc3 Bxe4 41. Rb4 Qd7 42. Qd4 Qxd4+ 43. Bxd4 Bc6 44. Kf2 Kf7 45. Rc4 Re4 46. Rb4 g5 47. Bc3 Re6 48. h4 f4 49. Rd4 Re3 50. Rc4 Bd5 51. Rc5 Ke6 52. Bg7 Rxa3 53. Bxh6 Rg3 54. hxg5 Rxg2+ 55. Kf1 f3 56. g6 a3 57. Bg7 Rxg6 58. Bd4 Rg4 59. Be3 Ra4 0-1